000 00671cam a22002054a 4500
020 _a9780321664990 (student edition : alk. paper)
020 _a032166499X (student edition : alk. paper)
020 _a0321664272 (annotated instructor's edition : alk. paper)
050 0 0 _aQA154.3
_b.L54 2011
100 1 _aLial, Margaret L.
245 1 0 _aEssentials of college algebra /
_cMargaret L. Lial, John Hornsby, David I. Schneider.
250 _a10th ed.
260 _aBoston :
_bAddison Wesley,
_cc2011.
300 _axvi, 604 p. :
500 _aIncludes index.
650 0 _vTextbooks.
700 1 _aHornsby, John,
700 1 _aSchneider, David I.
942 _2lcc
_cGEN
999 _c6548
_d6548